| 000 | 00454nab a2200145Ia 4500 | ||
|---|---|---|---|
| 003 | ES-SlBCS | ||
| 005 | 20210601125452.0 | ||
| 008 | 140529s1985-86 xxu||||| |||| 00| 0 eng d | ||
| 041 | _aeng | ||
| 100 | 1 |
_aDesjardins, Rosemary _9159019 |
|
| 245 | 0 | 0 |
_aKnowledge and Virtue: Paradox in Plato's writings _c Rosemary Desjardins |
| 600 | 0 | 4 |
_aPlatón-Escritos _9159020 |
| 773 | 0 |
_tReview of Methaphysics _gvol. 39, 1985-86, págs. 261-282 _wRev843 |
|
| 942 | _cAR | ||
| 999 |
_c530850 _d530850 |
||